[Event "Mlada Boleslav Region-ch U20"]
[Site "Mlada Boleslav"]
[Date "2012.06.24"]
[Round "7"]
[White "Vesely, Libor"]
[Black "Hucik, Lukas"]
[Result "0-1"]
[WhiteElo "1331"]
[BlackElo "1250"]
[PlyCount "60"]
[EventDate "2012.06.23"]
[EventType "swiss"]
[EventRounds "7"]
[EventCountry "CZE"]
[SourceTitle "EXT 2014"]
[Source "ChessBase"]
[SourceDate "2013.11.20"]
[SourceVersion "1"]
[SourceVersionDate "2013.11.20"]
[SourceQuality "1"]

1. d4 e6 2. e4 d5 3. exd5 exd5 4. Bd3 c5 5. Ne2 c4 6. Nf4 cxd3 7. Qxd3 Nf6 8. Nc3 Bb4 9. Qb5+ Nc6 10. Bd2 Bxc3 11. Bxc3 Qd6 12. Nd3 a6 13. Qb3 0-0 14. 0-0-0 Ne4 15. g3 Nxc3 16. Qxc3 Bg4 17. Rde1 Rfe8 18. Nf4 Rac8 19. Qd2 Rxe1+ 20. Rxe1 Bf5 21. c3 Be4 22. Re3 g6 23. Qe2 Nxd4 24. Qd1 Qb6 25. Rxe4 dxe4 26. Nd5 Qc5 27. Nf6+ Kg7 28. Nxe4 Qb6 29. Qg4 Qe6 30. Qg5 Qxe4 0-1

[Event "Mlada Boleslav Region-ch U20"]
[Site "Mlada Boleslav"]
[Date "2012.06.23"]
[Round "1"]
[White "Sefcik, Miroslav"]
[Black "Hucik, Lukas"]
[Result "1-0"]
[WhiteElo "1571"]
[BlackElo "1250"]
[PlyCount "41"]
[EventDate "2012.06.23"]
[EventType "swiss"]
[EventRounds "7"]
[EventCountry "CZE"]
[SourceTitle "EXT 2014"]
[Source "ChessBase"]
[SourceDate "2013.11.20"]
[SourceVersion "1"]
[SourceVersionDate "2013.11.20"]
[SourceQuality "1"]

1. e4 e6 2. Nf3 d5 3. exd5 exd5 4. d4 c5 5. Be3 Nd7 6. c4 Ngf6 7. Nc3 cxd4 8. Bxd4 Bb4 9. Be2 0-0 10. 0-0 Bxc3 11. Bxc3 Re8 12. Re1 dxc4 13. Bxc4 Rxe1+ 14. Qxe1 h6 15. Rd1 Qc7 16. Bb3 Nc5 17. Bxf6 gxf6 18. Qe8+ Kg7 19. Rd8 Kg6 20. Qg8+ Kf5 21. Rd5+ 1-0